| 000 | 01077nam a2200253Ia 4500 | ||
|---|---|---|---|
| 003 | OSt | ||
| 005 | 20220923222604.0 | ||
| 006 | a|||||r|||| 00| 0 | ||
| 007 | ta | ||
| 008 | 220922b |||||||| |||| 00| 0 hin d | ||
| 024 | _a206,269 | ||
| 037 | _cTextual | ||
| 040 |
_aARTS _cARTS _bhin |
||
| 041 |
_2hin _ahin |
||
| 082 | _aO152,6x, K6 | ||
| 100 |
_aवर्मा, ब्रजमोहन; चतुर्वेदी, बनारसीदास, संपा. _9163003 |
||
| 245 | 0 |
_aसाहित्य सौरभ _b ब्रजमोहन वर्मा के निबंधो का सग्रंह |
|
| 246 | _aSāhitya saurabha: brajamohan varmā ke nibandho kā sagranha | ||
| 260 |
_aवाराणसी _b ज्ञानमंडल लि0 _c1966 |
||
| 300 |
_a303पृ. _ccm. |
||
| 650 |
_aहिन्दी साहित्य _9156264 |
||
| 942 |
_hO152,6x, K6 _cTEXL _2CC |
||
| 999 |
_c356930 _d356930 |
||